The color kittens / (Record no. 2186)

MARC details
000 -LEADER
fixed length control field 01033cam a22003131 4500
001 - CONTROL NUMBER
control field 2186
003 - CONTROL NUMBER IDENTIFIER
control field FISKH
005 - DATE AND TIME OF LATEST TRANSACTION
control field 20231108150312.0
008 - FIXED-LENGTH DATA ELEMENTS--GENERAL INFORMATION
fixed length control field 750613s1949 nyua j 000 1 eng
010 ## - LIBRARY OF CONGRESS CONTROL NUMBER
LC control number 50005777
020 ## - INTERNATIONAL STANDARD BOOK NUMBER
International Standard Book Number 0307302172
035 ## - SYSTEM CONTROL NUMBER
System control number (OCoLC)1392362
040 ## - CATALOGING SOURCE
Original cataloging agency DLC
Transcribing agency FO
Modifying agency OCoLC
-- DLC
Language of cataloging eng
050 00 - LIBRARY OF CONGRESS CALL NUMBER
Classification number PZ10.3.B7656
Item number Co
082 ## - DEWEY DECIMAL CLASSIFICATION NUMBER
Classification number 813.52
100 1# - MAIN ENTRY--PERSONAL NAME
Personal name Brown, Margaret Wise,
Dates associated with a name 1910-1952.
245 14 - TITLE STATEMENT
Title The color kittens /
Statement of responsibility, etc. By Margaret Wise Brown ; illustrated by Kathi Ember
260 ## - PUBLICATION, DISTRIBUTION, ETC.
Place of publication, distribution, etc. Racine :
Name of publisher, distributor, etc. Western,
Date of publication, distribution, etc. 1949.
300 ## - PHYSICAL DESCRIPTION
Extent 24 unnumbered pages :
Other physical details color illustrations ;
Dimensions 21 cm
490 0# - SERIES STATEMENT
Series statement A Little golden book
505 ## - FORMATTED CONTENTS NOTE
Formatted contents note O<br/>
520 ## - SUMMARY, ETC.
Summary, etc. While the color kittens are trying to make green paint, their mixing leads to pink, orange, and purple.
521 8# - TARGET AUDIENCE NOTE
Target audience note 600<br/>
Source Lexile estimate<br/>
521 8# - TARGET AUDIENCE NOTE
Target audience note O<br/>
Source Raz-Plus<br/>
650 ## - SUBJECT ADDED ENTRY--TOPICAL TERM
Topical term or geographic name entry element Kittens
Form subdivision Juvenile literature
700 1# - ADDED ENTRY--PERSONAL NAME
Personal name Ember, Kathi
Relator term illustrator
906 ## - LOCAL DATA ELEMENT F, LDF (RLIN)
a 7
b cbc
c oclcrpl
d u
e ncip
f 19
g y-gencatlg
942 ## - ADDED ENTRY ELEMENTS (KOHA)
Source of classification or shelving scheme Dewey Decimal Classification
Koha item type Books
Suppress in OPAC No
Holdings
Withdrawn status Lost status Source of classification or shelving scheme Damaged status Not for loan Collection Home library Current library Shelving location Date acquired Total Checkouts Full call number Barcode Date last seen Price effective from Koha item type
    Dewey Decimal Classification     Juvenile Fiction Footprints International School Library Network Toul Kork Campus Footprints International School Library Network Toul Kork Campus TK Primary Library Room(4th Floor), Bookcase 3&4, Shelves 17-32, Yellow Books 11/08/2023   BRO 813.52 PZ7.B8163 FISBK00154 11/08/2023 11/08/2023 Books